|
|
|
|
| LEADER |
00000cam a2200000 7i4500 |
| 001 |
0000009898 |
| 005 |
20241007.0 |
| 008 |
230205 enka eng |
| 040 |
|
|
|a INS
|b eng
|e rda
|
| 090 |
0 |
0 |
|a HF5681.V5
|b M5 1984
|
| 100 |
1 |
|
|a Millington, A. F. ,
|e author
|
| 245 |
1 |
3 |
|a An introduction to property valuation
|c A. F. Millington
|
| 250 |
|
|
|a Second Edition
|
| 264 |
|
1 |
|a London :
|b Estates Gazette
|c 1984
|
| 300 |
|
|
|a vi, 188 pages :
|b illustrations ;
|c 21 cm.
|
| 336 |
|
|
|a text
|2 rdacontent
|
| 337 |
|
|
|a unmediated
|2 rdamedia
|
| 338 |
|
|
|a volume
|2 rdacarrier
|
| 500 |
|
|
|a Includes index
|
| 650 |
|
0 |
|a Real property
|x Valuation
|y Great Britain
|
| 650 |
|
0 |
|a Valuation
|x Great Britain
|
| 999 |
|
|
|a 0000006757
|b BOOK
|c Open Shelf
|e Default branch
|